[Event "OBEM 2016"]
[Site "Germany , Bremen"]
[Date "2016.03.26"]
[Round "9.7"]
[White "Rieping, Heiner"]
[Black "Meyer, Irmin"]
[Result "1-0"]
[WhiteElo "1922"]
[BlackElo "1993"]
[PlyCount "71"]

1. e4 c6 2. d4 d5 3. e5 Bf5 4. Ne2 e6 5. Ng3 Bg6 6. h4 h5 7. Bd3 Bxd3 8. Qxd3
c5 9. c3 Nc6 10. Be3 Qb6 11. Qd2 Rc8 12. f3 cxd4 13. cxd4 Na5 14. Kf2 Nc4 15.
Qe2 Qxb2 16. Qxb2 Nxb2 17. Nd2 Ba3 18. Ke2 Ne7 19. Rac1 Nc4 20. Nxc4 Bxc1 21.
Nd6+ Kd7 22. Rxc1 Rxc1 23. Bxc1 f6 24. Nxb7 Nc6 25. Nc5+ Ke7 26. Bb2 fxe5 27.
dxe5 g6 28. Nf1 Rb8 29. Nd3 Kf7 30. Ba3 Rb5 31. Bd6 Nd4+ 32. Kd2 Nf5 33. g3
Nxd6 34. exd6 Ra5 35. Ne5+ Ke8 36. d7+ 1-0

[Event "OBEM 2016"]
[Site "Germany , Bremen"]
[Date "2016.03.26"]
[Round "9.9"]
[White "Stieglitz, Dirk"]
[Black "Kuenitz, Bernhard"]
[Result "1-0"]
[WhiteElo "2064"]
[BlackElo "1877"]
[PlyCount "37"]

1. d4 d5 2. c4 dxc4 3. e3 e5 4. Bxc4 Bb4+ 5. Nc3 Bxc3+ 6. bxc3 exd4 7. Qb3 Qf6
8. cxd4 Ne7 9. Ne2 O-O 10. O-O Nbc6 11. Bd2 a5 12. f4 a4 13. Qd3 Rd8 14. Bc3
Nd5 15. Bxd5 Rxd5 16. e4 Rh5 17. d5 Qh4 18. Qg3 Bg4 19. dxc6 1-0

[Event "OBEM 2016"]
[Site "Germany , Bremen"]
[Date "2016.03.26"]
[Round "9.10"]
[White "Jung, Gerald"]
[Black "Issing, Peter"]
[Result "0-1"]
[WhiteElo "1929"]
[BlackElo "2199"]
[PlyCount "68"]

1. Nc3 d5 2. e4 e6 3. Nf3 Nf6 4. e5 Nfd7 5. g3 c5 6. Bh3 Be7 7. O-O Nc6 8. Qe2
a6 9. d3 O-O 10. Bd2 b5 11. Rae1 Nb6 12. Bg4 Bb7 13. h4 Rc8 14. Ng5 b4 15. Nb1
c4 16. c3 cxd3 17. Qxd3 g6 18. Nxe6 fxe6 19. Bxe6+ Kg7 20. Bxc8 Bxc8 21. e6 Nc4
22. f4 Nxb2 23. Qc2 Nc4 24. cxb4 Qb6+ 25. Kh2 Nxb4 26. Qc3+ Kg8 27. a3 Nc6 28.
f5 Nxd2 29. Nxd2 gxf5 30. Rc1 Qd4 31. Qc2 Ne5 32. Rf4 Qd3 33. Nf1 Bxe6 34. Qc7
Ng6 0-1

[Event "OBEM 2016"]
[Site "Germany , Bremen"]
[Date "2016.03.26"]
[Round "9.11"]
[White "Pautz, Peter"]
[Black "Hochhuth, Arnd"]
[Result "1/2-1/2"]
[WhiteElo "2066"]
[BlackElo "1882"]
[PlyCount "74"]

1. d4 Nf6 2. Nf3 g6 3. Bg5 c5 4. c3 Qb6 5. Qc2 d5 6. dxc5 Qxc5 7. Bxf6 exf6 8.
Nbd2 Bf5 9. Qc1 Bh6 10. g3 Nc6 11. Bg2 O-O 12. O-O Rfe8 13. e3 Ne5 14. Nb3 Qc4
15. Nxe5 fxe5 16. Qd2 Rad8 17. Rfe1 d4 18. cxd4 exd4 19. Qa5 dxe3 20. fxe3 b6
21. Qc3 Qxc3 22. bxc3 Rxe3 23. Rxe3 Bxe3+ 24. Kh1 Rc8 25. Nd4 Bd3 26. Nc6 Rc7
27. Re1 Bc5 28. Bd5 Bd6 29. Rd1 Bf5 30. c4 Bc5 31. Re1 Kg7 32. Kg2 h5 33. h3
Kf6 34. Rf1 Kg7 35. Re1 Kf6 36. Rf1 Kg7 37. Re1 Kf6 1/2-1/2

[Event "OBEM 2016"]
[Site "Germany , Bremen"]
[Date "2016.03.26"]
[Round "9.12"]
[White "Traetmar, Mattis"]
[Black "Lorenzen, Bjoern"]
[Result "1/2-1/2"]
[WhiteElo "1848"]
[BlackElo "2030"]
[PlyCount "47"]

1. e4 c6 2. Nc3 d5 3. Nf3 dxe4 4. Nxe4 Bg4 5. h3 Bxf3 6. Qxf3 Nd7 7. d4 e6 8.
Bd3 Ngf6 9. c3 Nxe4 10. Bxe4 Nf6 11. Bd3 h6 12. Bd2 Bd6 13. O-O-O Qc7 14. Rhe1
O-O-O 15. Kb1 Kb8 16. g4 Qe7 17. g5 hxg5 18. Bxg5 Rde8 19. Re3 Qd8 20. Be4 Be7
21. Bf4+ Bd6 22. Bg5 Be7 23. Bf4+ Bd6 24. Bg5 1/2-1/2

[Event "OBEM 2016"]
[Site "Germany , Bremen"]
[Date "2016.03.26"]
[Round "9.13"]
[White "Gebur, Thomas"]
[Black "Mueller, Wolfgang"]
[Result "1-0"]
[WhiteElo "1859"]
[BlackElo "2018"]
[PlyCount "93"]

1. e4 e6 2. d4 d5 3. exd5 exd5 4. Bd3 Bd6 5. Nf3 Ne7 6. O-O Nbc6 7. c3 Bg4 8.
h3 Bh5 9. Re1 Qd7 10. Nbd2 O-O-O 11. b4 Rde8 12. b5 Nd8 13. a4 Ng6 14. Rxe8
Rxe8 15. Qc2 Nf4 16. Bf5 Nde6 17. Ng5 Bg6 18. Ndf3 Bxf5 19. Qxf5 Nxg5 20. Qxg5
f6 21. Qh4 g5 22. Qh6 Ne2+ 23. Kf1 Qf5 24. Be3 Bf8 25. Qh5 Rxe3 26. Qf7 Qe6 27.
Qxf8+ Qe8 28. Qxf6 Re6 29. Qf5 Kb8 30. Ne5 Nxc3 31. Re1 Ne4 32. Kg1 Ka8 33.
Qxh7 Re7 34. Qf5 Rg7 35. f3 Nd6 36. Qf6 Qg8 37. Ng4 b6 38. Nh6 Qh7 39. Ng4 Kb7
40. Qe5 a6 41. Qxd5+ Ka7 42. bxa6 Qd3 43. Re8 b5 44. Qc5+ Kxa6 45. Ra8+ Kb7 46.
Qa7+ Kc6 47. Ne5+ 1-0

[Event "OBEM 2016"]
[Site "Germany , Bremen"]
[Date "2016.03.26"]
[Round "9.14"]
[White "Sommer, Andreas"]
[Black "Buhrdorf, Axel"]
[Result "1/2-1/2"]
[WhiteElo "1821"]
[BlackElo "1974"]
[PlyCount "65"]

1. d4 d5 2. c4 e6 3. Nf3 Nf6 4. Bg5 Be7 5. e3 O-O 6. Nc3 Nbd7 7. Bd3 dxc4 8.
Bxc4 b6 9. Qc2 c5 10. dxc5 Nxc5 11. Rd1 Qc7 12. Bf4 Qb7 13. O-O Rd8 14. Nb5 Bd7
15. Nc7 Rac8 16. b4 b5 17. Nxb5 Bxb5 18. Rxd8+ Bxd8 19. bxc5 Rxc5 20. Qd3 Qd7
21. Bxb5 Rxb5 22. Qxd7 Nxd7 23. Rd1 Ba5 24. g4 Nf6 25. h3 Nd5 26. Be5 f6 27.
Bd4 Rb7 28. a3 Kf7 29. Nd2 Nc3 30. Bxc3 Bxc3 31. Ne4 Be5 32. Nd6+ Bxd6 33. Rxd6
1/2-1/2

[Event "OBEM 2016"]
[Site "Germany , Bremen"]
[Date "2016.03.26"]
[Round "9.15"]
[White "Nancheva, Doroteya"]
[Black "Ditmas, Hugh"]
[Result "1/2-1/2"]
[WhiteElo "1796"]
[BlackElo "1933"]
[PlyCount "123"]

1. e4 c5 2. Nf3 Nc6 3. d4 cxd4 4. Nxd4 Nf6 5. Nc3 e5 6. Ndb5 d6 7. Nd5 Nxd5 8.
exd5 Nb8 9. c4 Be7 10. Bd3 a6 11. Nc3 O-O 12. O-O f5 13. f3 Nd7 14. Be3 Bg5 15.
Qd2 Bxe3+ 16. Qxe3 Nc5 17. Bc2 a5 18. Nb5 Qf6 19. Nc7 Rb8 20. b3 Rf7 21. Nb5
Bd7 22. a3 Bxb5 23. cxb5 Qd8 24. b4 axb4 25. axb4 Nd7 26. Rfc1 Qb6 27. Qxb6
Nxb6 28. Bd3 g6 29. Ra2 Rff8 30. Rac2 Rfc8 31. Rc7 Kh8 32. Be2 Rxc7 33. Rxc7
Nxd5 34. Rd7 Nc3 35. Bc4 Rc8 36. Be6 Nxb5 37. Rxb7 Rc1+ 38. Kf2 Nd4 39. Bd5
Rc2+ 40. Kf1 Rb2 41. Rb6 Nc2 42. Rxd6 Ne3+ 43. Ke1 Nxg2+ 44. Kf1 Ne3+ 45. Ke1
Rxb4 46. Kf2 Nxd5 47. Rxd5 e4 48. fxe4 Rb2+ 49. Kg3 fxe4 50. Re5 Re2 51. Re7 g5
52. h3 h5 53. Re5 h4+ 54. Kg4 Rg2+ 55. Kh5 Kg7 56. Rxe4 Kf6 57. Ra4 Kf5 58.
Ra5+ Kf4 59. Ra4+ Kg3 60. Kxg5 Kxh3+ 61. Kh5 Rg8 62. Rxh4+ 1/2-1/2

[Event "OBEM 2016"]
[Site "Germany , Bremen"]
[Date "2016.03.26"]
[Round "9.16"]
[White "Brinkmann, Fabian"]
[Black "Ungar, Benedict"]
[Result "1-0"]
[WhiteElo "2154"]
[BlackElo "1678"]
[PlyCount "47"]

1. e4 Nc6 2. Nf3 f5 3. exf5 d5 4. Bb5 Bxf5 5. d4 a6 6. Bxc6+ bxc6 7. Ne5 Qd6 8.
b3 Nf6 9. Ba3 Qe6 10. O-O Nd7 11. Re1 Nxe5 12. Rxe5 Qg6 13. Qe2 e6 14. Bxf8
Kxf8 15. Nc3 Re8 16. Re1 Kf7 17. Qxa6 Bxc2 18. Qxc6 Re7 19. Nxd5 Be4 20. R5xe4
Qxe4 21. Rxe4 exd5 22. Qxd5+ Ke8 23. Qa8+ Kd7 24. Rxe7+ 1-0

[Event "OBEM 2016"]
[Site "Germany , Bremen"]
[Date "2016.03.26"]
[Round "9.17"]
[White "Meyer, Thorsten"]
[Black "Bensmann, Jannis"]
[Result "1-0"]
[WhiteElo "1982"]
[BlackElo "1566"]
[PlyCount "47"]

1. e4 d5 2. exd5 Qxd5 3. Nf3 Bg4 4. Be2 Nf6 5. d4 Nc6 6. c3 O-O-O 7. O-O Qh5 8.
Nbd2 e6 9. Re1 Bd6 10. Nc4 Nd5 11. Nxd6+ Rxd6 12. h3 Bxf3 13. Bxf3 Qg6 14. Qa4
Qf6 15. Bd2 Nb6 16. Qb5 a6 17. Qe2 Ne7 18. Qe4 Ned5 19. b3 Qg6 20. Qe2 Qf6 21.
c4 Nf4 22. Bxf4 Qxf4 23. c5 Qxd4 24. cxd6 1-0

[Event "OBEM 2016"]
[Site "Germany , Bremen"]
[Date "2016.03.26"]
[Round "9.18"]
[White "Schwenke, Stefan"]
[Black "Erofeev, Anastasia"]
[Result "1/2-1/2"]
[WhiteElo "1714"]
[BlackElo "1947"]
[PlyCount "93"]

1. e4 e5 2. d3 Nc6 3. Nc3 Nf6 4. f4 d6 5. Nf3 Be7 6. Be2 O-O 7. O-O Nd4 8. Nxd4
exd4 9. Nd5 Nxd5 10. exd5 Bf6 11. Bf3 Bd7 12. Bd2 {(=)} c6 13. Kh1 Qc7 14. c3
cxd5 15. Bxd5 Bc6 16. Qb3 Rae8 17. Rae1 {(=)} Qb6 18. Rxe8 Bxe8 19. Qxb6 axb6
20. Bxb7 Bd7 21. Be4 Rc8 22. c4 b5 23. Rc1 Kf8 24. cxb5 Rxc1+ {(=)} 25. Bxc1
Bxb5 26. Kg1 d5 27. Bxd5 Bxd3 28. Kf2 Bd8 29. Bd2 Bb6 30. Kf3 f5 31. b4 Ke7 32.
Kf2 Be4 33. Bb3 Kd6 34. a4 Ba7 35. Bc4 Bc2 36. a5 h6 37. Bc1 Kc6 38. Ke2 Be4
39. Bd3 Kd5 40. b5 Bc5 41. a6 Kd6 42. Bxe4 fxe4 43. Ba3 Bxa3 44. a7 d3+ 45. Kd1
e3 46. a8=Q e2+ 47. Kd2 1/2-1/2

[Event "OBEM 2016"]
[Site "Germany , Bremen"]
[Date "2016.03.26"]
[Round "9.19"]
[White "Dietrich, Igor"]
[Black "Niefuend, Michael"]
[Result "1-0"]
[WhiteElo "1865"]
[BlackElo "1795"]
[PlyCount "75"]

1. e4 g6 2. d4 Bg7 3. Nc3 c5 4. Nf3 cxd4 5. Nxd4 Nc6 6. Nxc6 bxc6 7. Bc4 f6 8.
O-O Nh6 9. Qf3 Nf7 10. Bf4 O-O 11. Rad1 Qa5 12. Rfe1 e5 13. Bd2 Qc7 14. Na4 Rb8
15. a3 d5 16. exd5 Nd6 17. Ba2 c5 18. b4 cxb4 19. Bxb4 Rxb4 20. axb4 Qxc2 21.
Bb3 Qc7 22. Rc1 Qb8 23. Qc3 f5 24. Qc5 f4 25. Nc3 f3 26. Ne4 Nxe4 27. Rxe4 Bf5
28. Rec4 Qd8 29. g3 e4 30. Qe3 Be5 31. d6 Kh8 32. Rd1 Qf6 33. d7 g5 34. Qc5 Qg7
35. Qxf8+ Qxf8 36. Rc8 Bxd7 37. Rxf8+ Kg7 38. Rf7+ 1-0

[Event "OBEM 2016"]
[Site "Germany , Bremen"]
[Date "2016.03.26"]
[Round "9.20"]
[White "Klemm, Robert"]
[Black "Sinnhoefer, Jonas"]
[Result "0-1"]
[WhiteElo "1852"]
[BlackElo "1690"]
[PlyCount "42"]

1. d4 d5 2. Nf3 e6 3. g3 f5 4. Bg2 Nf6 5. O-O c6 6. c4 Nbd7 7. b3 Ne4 8. Bb2
Bd6 9. Ne1 Qg5 10. Nd3 h5 11. f4 Qh6 12. Qe1 h4 13. Rf3 hxg3 14. hxg3 Ndf6 15.
Nd2 Qh2+ 16. Kf1 Nh5 17. Ne5 Nhxg3+ 18. Rxg3 Nxg3+ 19. Kf2 Bb4 20. Nef3 Ne4+
21. Kf1 Nxd2+ 0-1

[Event "OBEM 2016"]
[Site "Germany , Bremen"]
[Date "2016.03.26"]
[Round "9.21"]
[White "Kropp, Joachim"]
[Black "Boehm, Karl"]
[Result "1-0"]
[WhiteElo "1750"]
[BlackElo "1852"]
[PlyCount "75"]

1. f4 d5 2. Nf3 c5 3. e3 Nc6 4. b3 Nf6 5. Bb2 e6 6. Bb5 Bd7 7. O-O Be7 8. d3
O-O 9. Nbd2 a6 10. Bxc6 Bxc6 11. Ne5 Rc8 12. Ndf3 b5 13. Nxc6 Rxc6 14. Ne5 Rd6
15. Qf3 Qc7 16. g4 c4 17. g5 Ne8 18. Qh5 c3 19. Ba3 Rd8 20. Bxe7 Qxe7 21. Nc6
Qc7 22. Nxd8 Qxd8 23. Rf3 f6 24. Rh3 e5 25. Qxh7+ Kf7 26. fxe5 Ke6 27. exf6
gxf6 28. Rf1 Rf7 29. Qf5+ Ke7 30. g6 Rg7 31. Rh7 Qd6 32. Rf4 Qe6 33. Qxe6+ Kxe6
34. Rxg7 Nxg7 35. e4 dxe4 36. dxe4 Ke5 37. Rf5+ Ke6 38. h4 1-0

[Event "OBEM 2016"]
[Site "Germany , Bremen"]
[Date "2016.03.26"]
[Round "9.22"]
[White "Hoffer, Hayo"]
[Black "Holtermann, Klaas"]
[Result "1/2-1/2"]
[WhiteElo "1847"]
[BlackElo "1714"]
[PlyCount "33"]

1. d4 Nf6 2. Nf3 d5 3. c4 g6 4. Nc3 Bg7 5. Bg5 c6 6. e3 Nbd7 7. Be2 O-O 8. O-O
dxc4 9. Bxc4 h6 10. Bh4 g5 11. Bg3 Nh5 12. Be5 Nxe5 13. Nxe5 Bxe5 14. Qxh5 Bg7
15. f4 e6 16. Rad1 f5 17. Kh1 1/2-1/2

[Event "OBEM 2016"]
[Site "Germany , Bremen"]
[Date "2016.03.26"]
[Round "9.23"]
[White "Ficken, Hartmut"]
[Black "Hentrop, Malte"]
[Result "0-1"]
[WhiteElo "1714"]
[BlackElo "1847"]
[PlyCount "110"]

1. e4 e5 2. Nf3 Nc6 3. Bc4 Bc5 4. d3 Nf6 5. Be3 Bxe3 6. fxe3 O-O 7. a3 d5 8.
exd5 Nxd5 9. Bxd5 Qxd5 10. O-O Bg4 11. Nc3 Qc5 12. Qe1 f6 13. Kh1 Rad8 14. Nd2
Be6 15. Qg3 Ne7 16. Nde4 Qb6 17. Nxf6+ Kh8 18. Nh5 Ng6 19. Rxf8+ Rxf8 20. Rb1
Qc6 21. Qe1 Bg4 22. Ng3 Qf6 23. Nce4 Qc6 24. Qd2 Be6 25. Rf1 Rd8 26. Ng5 Rd7
27. Nxe6 Qxe6 28. Ne4 b6 29. Qf2 Kg8 30. Qf5 Qe8 31. Ng5 h6 32. Qe6+ Qxe6 33.
Nxe6 Rd6 34. Nxc7 Rc6 35. Nb5 Rxc2 36. Rb1 a6 37. Nc3 Nh4 38. d4 Nxg2 39. d5
Nxe3 40. d6 Kf7 41. Re1 Nc4 42. Ne4 Ke6 43. Rg1 Nxd6 44. Rg6+ Kf5 45. Rxd6 Kxe4
46. Rxb6 Kf3 47. Rb3+ Kf4 48. Rb7 e4 49. Rf7+ Ke3 50. b4 Kd3 51. Rd7+ Ke2 52.
Rxg7 e3 53. a4 Ke1 54. Rg1+ Kd2 55. Kg2 Rc6 0-1

[Event "OBEM 2016"]
[Site "Germany , Bremen"]
[Date "2016.03.26"]
[Round "9.24"]
[White "Bruening, Martin"]
[Black "Weinitschke, Harald"]
[Result "1-0"]
[WhiteElo "1777"]
[BlackElo "1687"]
[PlyCount "35"]

1. d4 Nf6 2. Nf3 e6 3. c4 d5 4. Nc3 Bb4 5. e3 O-O 6. Bd3 Nbd7 7. O-O Bxc3 8.
bxc3 c5 9. cxd5 exd5 10. a4 c4 11. Bc2 a5 12. Re1 Re8 13. Nd2 Nb6 14. e4 dxe4
15. Nxe4 Bd7 16. Bg5 Nbd5 17. Nxf6+ gxf6 18. Qh5 1-0

[Event "OBEM 2016"]
[Site "Germany , Bremen"]
[Date "2016.03.26"]
[Round "9.25"]
[White "Goes, Carsten"]
[Black "Bilau, Max"]
[Result "0-1"]
[WhiteElo "1770"]
[BlackElo "1511"]
[PlyCount "60"]

1. d4 d5 2. c4 c6 3. Nf3 Nf6 4. e3 Bg4 5. Qb3 Qc7 6. Ne5 Bd7 7. Nc3 e6 8. Bd3
Bd6 9. f4 dxc4 10. Nxc4 b5 11. Nxd6+ Qxd6 12. O-O O-O 13. Bd2 a6 14. Ne4 Nxe4
15. Bxe4 a5 16. Rac1 f5 17. Bf3 Rc8 18. Rc5 a4 19. Qd3 Na6 20. Rc2 Rab8 21.
Rfc1 c5 22. d5 b4 23. e4 Bb5 24. Qe3 exd5 25. exd5 Re8 26. Qf2 Bd3 27. Rxc5
Nxc5 28. Rxc5 Be4 29. Be3 Bxf3 30. Qxf3 Re4 0-1

[Event "OBEM 2016"]
[Site "Germany , Bremen"]
[Date "2016.03.26"]
[Round "9.27"]
[White "Kohlscheen, Jens"]
[Black "Gerken, Juergen"]
[Result "1/2-1/2"]
[WhiteElo "1620"]
[BlackElo "1630"]
[PlyCount "35"]

1. e4 d5 2. exd5 Qxd5 3. Nc3 Qa5 4. d4 c6 5. Bc4 Bf5 6. Nf3 e6 7. Bd2 Nd7 8.
Nd5 Qd8 9. Ne3 Bg6 10. O-O Ngf6 11. Re1 Be7 12. Nf1 O-O 13. Ng3 c5 14. dxc5
Bxc5 15. Bg5 Qb6 16. Re2 h6 17. Bd2 Rfd8 18. Qc1 1/2-1/2

[Event "OBEM 2016"]
[Site "Germany , Bremen"]
[Date "2016.03.26"]
[Round "9.29"]
[White "Bergmann, Reinholt"]
[Black "Seliskar, Henryk"]
[Result "1-0"]
[WhiteElo "1860"]
[BlackElo "1540"]
[PlyCount "97"]

1. e4 c5 2. Nf3 d6 3. d4 cxd4 4. Qxd4 Nc6 5. Bb5 Bd7 6. Bxc6 Bxc6 7. c4 Nf6 8.
Nc3 g6 9. O-O Bg7 10. Qd3 O-O 11. Re1 a6 12. Rb1 Qc7 13. Bg5 Rfe8 14. Rbc1 Rac8
15. b3 h6 16. Bd2 Kh7 17. h3 a5 18. Rcd1 Nd7 19. Nd5 Bxd5 20. Qxd5 Rf8 21. Bxa5
b6 22. Bb4 Ra8 23. Re2 Nc5 24. Qd2 Ra6 25. Qf4 Qa7 26. Bxc5 dxc5 27. a4 Qb7 28.
Red2 Qa8 29. Rd7 Ra7 30. e5 Rxd7 31. Rxd7 Qe8 32. Qd2 e6 33. Qd6 Qb8 34. Qxb8
Rxb8 35. Rxf7 Rd8 36. Rb7 Rd3 37. Rxb6 Bf8 38. Rb7+ Kg8 39. Nh4 g5 40. Ng6 Rd1+
41. Kh2 Re1 42. Rb8 Kg7 43. Nxf8 Rxe5 44. Nd7 Rf5 45. f3 Kf7 46. Rb7 Ke8 47. a5
Kd8 48. a6 Kc8 49. Nb6+ 1-0

[Event "OBEM 2016"]
[Site "Germany , Bremen"]
[Date "2016.03.26"]
[Round "9.30"]
[White "Zimmermann, Erik"]
[Black "Nagel, Rudolf"]
[Result "0-1"]
[WhiteElo "1626"]
[BlackElo "1388"]
[PlyCount "74"]

1. e4 e5 2. Nf3 d6 3. h3 Nf6 4. Nc3 c5 5. Bc4 Nc6 6. Ng5 Be6 7. Bxe6 fxe6 8.
Nxe6 Qe7 9. Nb5 Rc8 10. Nxf8 Qxf8 11. d3 h6 12. f4 Qe7 13. f5 a6 14. Nc3 Qf7
15. O-O g5 16. Be3 Kd7 17. Na4 Kc7 18. c4 Nh5 19. Qb3 Qe7 20. Nb6 Kb8 21. Qd1
Qf7 22. Nxc8 Kxc8 23. a3 Nf4 24. Bxf4 gxf4 25. Rf3 Rg8 26. Kf1 Qg7 27. Rf2 Qg3
28. Kg1 Nd4 29. Kh1 Qxf2 30. Qg1 Qxb2 31. Rb1 Qxa3 32. f6 Qxd3 33. f7 Rf8 34.
Rb6 Ne2 35. Qe1 Ng3+ 36. Kg1 Rxf7 37. Rb2 Qd4+ 0-1

[Event "OBEM 2016"]
[Site "Germany , Bremen"]
[Date "2016.03.26"]
[Round "9.31"]
[White "Zijlstra, Berend"]
[Black "Proske, Matthias"]
[Result "0-1"]
[WhiteElo "1300"]
[BlackElo "1666"]
[PlyCount "40"]

1. e4 d6 2. c4 g6 3. Nc3 e5 4. d4 Bg7 5. d5 h6 6. Be2 f5 7. Bd3 f4 8. Nf3 Nf6
9. h3 c6 10. Nh4 g5 11. Nf5 Bxf5 12. exf5 O-O 13. Ne4 Nbd7 14. Nxd6 Nc5 15.
Nxb7 Nxb7 16. dxc6 Nc5 17. Bc2 Qc7 18. b4 Rad8 19. Qf3 e4 20. Qb3 Nxb3 0-1

[Event "OBEM 2016"]
[Site "Germany , Bremen"]
[Date "2016.03.26"]
[Round "9.32"]
[White "Rast, Matthias"]
[Black "Rose, Helmut"]
[Result "0-1"]
[WhiteElo "1213"]
[BlackElo "1511"]
[PlyCount "44"]

1. c4 Nf6 2. g3 c6 3. Bg2 d5 4. b3 e5 5. d3 Bc5 6. Bb2 Qc7 7. e3 O-O 8. Nd2 Re8
9. Ne2 Bg4 10. Nf3 Na6 11. O-O Rad8 12. Qc2 Bf5 13. Rad1 Nb4 14. Qb1 e4 15.
Bxf6 gxf6 16. dxe4 Bxe4 17. Qa1 Rd6 18. Nc3 Nc2 19. Qc1 Ba3 20. Qd2 dxc4 21.
Nd4 Nxd4 22. Nxe4 Nf3+ 0-1

[Event "OBEM 2016"]
[Site "Germany , Bremen"]
[Date "2016.03.26"]
[Round "9.33"]
[White "Borbely, Kurt"]
[Black "Kueck, Alexander"]
[Result "1/2-1/2"]
[WhiteElo "1054"]
[BlackElo "1331"]
[PlyCount "84"]

1. d4 d6 2. Nf3 Nc6 3. e4 g6 4. d5 Ne5 5. Nxe5 dxe5 6. Nc3 e6 7. dxe6 Qxd1+ 8.
Nxd1 Bxe6 9. Bd3 Bg7 10. Nc3 Ne7 11. Nb5 Kd7 12. O-O c6 13. Nc3 f5 14. Rd1 Kc7
15. Bg5 Rae8 16. a4 Nc8 17. a5 a6 18. f3 Bf8 19. Bf6 Rg8 20. Bxe5+ Bd6 21.
Bxd6+ Nxd6 22. Ra4 Re7 23. e5 Nf7 24. f4 b5 25. axb6+ Kxb6 26. Rxa6+ Kc7 27.
Ra7+ Kd8 28. Ra8+ Bc8 29. Bc4+ Kc7 30. Ra7+ Bb7 31. Bxf7 Rxf7 32. e6 Re7 33.
Rd7+ Rxd7 34. exd7 Rd8 35. Na4 Kb8 36. Ra5 Rxd7 37. h3 Rd1+ 38. Kh2 Rd8 39. Kg3
Kc7 40. Nc5 Kb6 41. Nxb7 Kxb7 42. Re5 Rh8 1/2-1/2

[Event "OBEM 2016"]
[Site "Germany , Bremen"]
[Date "2016.03.26"]
[Round "9.34"]
[White "Krueger, Gerhard"]
[Black "Frankenberg, Lea-Marie"]
[Result "1-0"]
[WhiteElo "1367"]
[BlackElo "1000"]
[PlyCount "77"]

1. e4 e5 2. Nf3 Nc6 3. Bb5 Nf6 4. Nc3 Bc5 5. O-O O-O 6. h3 b6 7. Bxc6 dxc6 8.
d3 Bb7 9. Nxe5 Qd6 10. Nf3 Nh5 11. Kh1 Rae8 12. Ne2 Bc8 13. Be3 Re6 14. Qd2 Bb4
15. c3 Bc5 16. d4 Ba6 17. Rae1 Bxe2 18. Rxe2 Rg6 19. dxc5 bxc5 20. g4 Ng3+ 21.
fxg3 Qxg3 22. Rh2 Rh6 23. Bf4 Rd6 24. Bxg3 Rxd2 25. Rxd2 h6 26. Rd7 Kh7 27.
Rfd1 Rb8 28. R1d2 a5 29. Rxc7 Rb6 30. Ra7 Rb5 31. Rxf7 Kg8 32. Ra7 Rb8 33. b3
Kh7 34. Bxb8 Kg6 35. Rd6+ Kh7 36. Nh4 h5 37. Nf5 Kg8 38. Nh6+ gxh6 39. Rd8# 1-0